Technique of organic chemistry : (Record no. 112011)
[ view plain ]
| 000 -LEADER | |
|---|---|
| fixed length control field | 00572nam a22001817a 4500 |
| 003 - CONTROL NUMBER IDENTIFIER | |
| control field | BD-ChCU |
| 005 - DATE AND TIME OF LATEST TRANSACTION | |
| control field | 20260402110254.0 |
| 008 - FIXED-LENGTH DATA ELEMENTS--GENERAL INFORMATION | |
| fixed length control field | 260402b bg ||||| |||| 00| 0 ben d |
| 040 ## - CATALOGING SOURCE | |
| Transcribing agency | BD-ChCU |
| 082 ## - DEWEY DECIMAL CLASSIFICATION NUMBER | |
| Classification number | REF 547 TEC(2) |
| 100 ## - MAIN ENTRY--PERSONAL NAME | |
| Personal name | Riddick, John A. ed. |
| 9 (RLIN) | 21072 |
| 245 ## - TITLE STATEMENT | |
| Title | Technique of organic chemistry : |
| Remainder of title | Organic solvents physical properties & methods of purification.// |
| Statement of responsibility, etc. | Riddick, John A. ed. |
| 250 ## - EDITION STATEMENT | |
| Edition statement | rev. 2nd ed. |
| 260 ## - PUBLICATION, DISTRIBUTION, ETC. | |
| Place of publication, distribution, etc. | New York. |
| Name of publisher, distributor, etc. | Interscience Pub. |
| Date of publication, distribution, etc. | 1965 |
| 300 ## - PHYSICAL DESCRIPTION | |
| Extent | vol. 7 |
| 650 #0 - SUBJECT ADDED ENTRY--TOPICAL TERM | |
| Topical term or geographic name entry element | Chemistry - Organic. |
| 9 (RLIN) | 21073 |
| 942 ## - ADDED ENTRY ELEMENTS (KOHA) | |
| Source of classification or shelving scheme | Dewey Decimal Classification |
| Koha item type | Books |
| Suppress in OPAC | No |
| Withdrawn status | Lost status | Source of classification or shelving scheme | Damaged status | Not for loan | Home library | Current library | Shelving location | Date acquired | Source of acquisition | Total Checkouts | Full call number | Barcode | Date last seen | Copy number | Price effective from | Koha item type | Public note |
|---|---|---|---|---|---|---|---|---|---|---|---|---|---|---|---|---|---|
| Dewey Decimal Classification | Chittagong University Library | Chittagong University Library | Science Reading Room | 04/02/2026 | Purchase | REF 547 TEC(2) | 115256 | 04/02/2026 | C-1 | 04/02/2026 | Books | V : 7 | |||||
| Dewey Decimal Classification | Chittagong University Library | Chittagong University Library | Science Reading Room | 04/02/2026 | Purchase | REF 547 TEC(2) | 115257 | 04/02/2026 | C-2 | 04/02/2026 | Books | V : 7 |